| 000 | 01078pam a2200301 a 4500 | ||
|---|---|---|---|
| 001 | 2579500 | ||
| 003 | ARRUPE | ||
| 005 | 20240205112940.0 | ||
| 008 | 960501s1996 mau b 001 0 eng | ||
| 010 | _a 96022661 | ||
| 020 | _a0201562340 | ||
| 040 |
_aDLC _cDLC _dDLC |
||
| 043 | _aa-is--- | ||
| 050 | 0 | 0 |
_aDS149 _b.W49 1996 |
| 082 | 0 | 0 |
_a320.5/4/095694 _220 |
| 100 | 1 |
_aWheatcroft, Geoffrey. _952365 |
|
| 245 | 1 | 4 |
_aThe controversy of Zion : _bhow zionism tried to resolve the Jewish Question / _cGeoffrey Wheatcroft. |
| 260 |
_aGreat Britain. : _bSinclair-Stevenson, _cc1996. |
||
| 300 |
_axv, 396 p. ; _c24 cm. |
||
| 504 | _aIncludes bibliographical references (p. [353]-381) and index. | ||
| 650 | 0 |
_aZionism _xHistory. _917990 |
|
| 650 | 0 |
_aJewish nationalism. _952366 |
|
| 650 | 0 |
_aJews _xPolitics and government _y1948- _952367 |
|
| 651 | 0 |
_aIsrael _xHistory. _952368 |
|
| 906 |
_a7 _bcbc _corignew _d1 _eocip _f19 _gy-gencatlg |
||
| 942 |
_2lcc _cMONOGRAPH |
||
| 999 |
_c131764 _d131764 |
||